00456nam a2200157Ia 4500008004100000020001400041082001600055100001900071245004600090250000700136260004500143300002000188500001900208600002100227650005000248240925s9999 xx 000 0 und d a137192797 a005.133 AND aAnderson, Bile 0aNetscape Developer's Guide JavaScript 1.2 aNA aNew Jersey:bPrintice- Hall Int.c,1998. a0bNAfOriginal aIncludes Index aComputer Science aComputer science, information & general works